000 00538nam a2200193Ia 4500
005 20230427131547.0
008 131103s9999 xx 000 0 und d
040 _aLoreto College
041 _aEnglish
082 _a823.8
_bDIC
245 4 _aThe letter of Charles Dickens
_b volume two 1840-1841
_cedited by Madeline House & Graham Storey
260 _aOxford
_bClarendon
_c1969
300 _a547p.
504 _aIncludes index
650 _aEnglish literature
700 _aHouse, Madeline; ed.
850 _aLCLIB
942 _cBK
999 _c35896
_d86375